| 000 | 00530nam a2200181Ia 4500 | ||
|---|---|---|---|
| 999 |
_c11465 _d11465 |
||
| 003 | OSt | ||
| 005 | 20200106110732.0 | ||
| 008 | 190216s9999||||xx |||||||||||||| ||und|| | ||
| 020 | _a9780199460182 | ||
| 040 | _coclc | ||
| 082 |
_a330.954 _bIND/E |
||
| 100 |
_aGovernment Of India _91019 |
||
| 245 | 0 |
_aEconomic Survey 2014-2015 / _cGovernment Of India |
|
| 250 | _aVol - 2 | ||
| 260 |
_bOxford University Press, _c2015. _aNew Delhi: |
||
| 300 | _a288p | ||
| 942 |
_cBK _2ddc _h330.954 _iIND/E _k330.954 _mIND/E |
||